[Event "Sherbrooke, Perpetuelles 1-5"]
[Site "Sherbrooke CAN"]
[Date "2003.07.11"]
[Round "5"]
[White "Corriveau, Philippe"]
[Black "Lemelin, Marc"]
[Result "1-0"]
[WhiteElo "2095"]
[BlackElo "1645"]
[PlyCount "129"]
[EventDate "2003.06.06"]
[EventType "swiss"]
[EventRounds "5"]
[EventCountry "CAN"]

1. e4 e6 2. d4 d5 3. Nd2 Nf6 4. e5 Nfd7 5. Bd3 c5 6. c3 Nc6 7. Ndf3 cxd4 8.
cxd4 f6 9. exf6 Nxf6 10. Ne2 Bd6 11. O-O e5 12. dxe5 Nxe5 13. Nxe5 Bxe5 14. Qb3
O-O 15. Bf4 Bb8 16. Rad1 Qb6 17. Qxb6 axb6 18. Bxb8 Rxb8 19. Nd4 Bd7 20. Rc1
Rbc8 21. f3 Rxc1 22. Rxc1 Ne8 23. Bb5 Rf7 24. Bxd7 Rxd7 25. Nb5 Kf7 26. Kf2 Re7
27. Rd1 Rd7 28. Ke3 g5 29. Kd4 Kf6 30. Nc3 Nc7 31. Na4 Ne6+ 32. Kc3 d4+ 33. Kb4
Rd6 34. Kb5 Nc7+ 35. Kb4 Nd5+ 36. Kb3 Ne3 37. Rd2 Rd5 38. Kb4 Rd6 39. b3 Nf5
40. Kb5 Ke5 41. Nxb6 Kf4 42. Nc4 Rd5+ 43. Kb6 Nd6 44. Rd3 h5 45. Nxd6 Rxd6+ 46.
Kc5 Rc6+ 47. Kxd4 Rc2 48. g3+ Kf5 49. Ke3 Rxa2 50. Rd5+ Kf6 51. Rb5 Ra7 52. h4
gxh4 53. gxh4 Kg6 54. f4 Kh6 55. Ke4 Kg6 56. Ke5 Kf7 57. f5 Ke7 58. b4 Kf7 59.
Rb6 Ke7 60. f6+ Kf7 61. Kf5 Kf8 62. Kg6 Ra1 63. Rxb7 Rg1+ 64. Kxh5 Rg3 65. Kh6
1-0

[Event "Sherbrooke, Perpetuelles 1-5"]
[Site "Sherbrooke CAN"]
[Date "2003.07.11"]
[Round "5"]
[White "Lewis, Claude"]
[Black "Grenier, Jean-Pierre"]
[Result "1-0"]
[WhiteElo "1413"]
[BlackElo "1527"]
[PlyCount "55"]
[EventDate "2003.06.06"]
[EventType "swiss"]
[EventRounds "5"]
[EventCountry "CAN"]

1. e4 c5 2. c3 Nc6 3. d4 cxd4 4. cxd4 e6 5. Nf3 d5 6. Bd3 Bb4+ 7. Nc3 Nge7 8.
O-O O-O 9. Bf4 a6 10. Rc1 Ng6 11. Bg3 Bd7 12. exd5 Bxc3 13. dxc6 Bxc6 14. bxc3
Rc8 15. Ne5 Nxe5 16. Bxe5 Qg5 17. g3 f6 18. h4 Qh6 19. Bf4 g5 20. Qg4 Kh8 21.
Be3 Rce8 22. c4 Rg8 23. d5 exd5 24. cxd5 Bxd5 25. Rc7 Rg7 26. Rfc1 Bc6 27. Rxg7
Kxg7 28. Rxc6 1-0

[Event "Sherbrooke, Perpetuelles 1-5"]
[Site "Sherbrooke CAN"]
[Date "2003.07.11"]
[Round "5"]
[White "Thomsen, Gunther"]
[Black "Ouellet-Lahaie, Didier"]
[Result "0-1"]
[WhiteElo "1116"]
[BlackElo "1418"]
[PlyCount "58"]
[EventDate "2003.06.06"]
[EventType "swiss"]
[EventRounds "5"]
[EventCountry "CAN"]

1. d4 Nf6 2. c4 e6 3. Bg5 d5 4. c5 Be7 5. Bxf6 Bxf6 6. e3 O-O 7. b4 e5 8. Ne2
c6 9. Nbc3 Bg4 10. h3 Bh5 11. g4 Bg6 12. Nc1 Re8 13. dxe5 Bxe5 14. Qd2 Be4 15.
Rg1 Bh2 16. Nxe4 Bxg1 17. Bd3 dxe4 18. Bc4 Qxd2+ 19. Kxd2 Bxf2 20. Ne2 Nd7 21.
Rf1 Ne5 22. Bxf7+ Kxf7 23. Rxf2+ Nf3+ 24. Kc3 Rad8 25. Nd4 Rxd4 26. exd4 Ke6
27. Kc4 Rd8 28. a4 Rxd4+ 29. Kc3 Kd5 0-1

[Event "Sherbrooke, Perpetuelles 11-15"]
[Site "Sherbrooke CAN"]
[Date "2003.08.22"]
[Round "1"]
[White "Boutin, Andre"]
[Black "Belanger, Jean Sebastien"]
[Result "1/2-1/2"]
[WhiteElo "1491"]
[BlackElo "1440"]
[PlyCount "85"]
[EventDate "2003.08.22"]
[EventType "swiss"]
[EventRounds "5"]
[EventCountry "CAN"]

1. Nf3 Nc6 2. e4 e5 3. Bb5 Nf6 4. Nc3 Nd4 5. Bc4 Nxf3+ 6. Qxf3 Bb4 7. Nd5 Nxd5
8. Bxd5 O-O 9. O-O c6 10. Bb3 d6 11. c3 Bc5 12. d3 Be6 13. Be3 Qb6 14. Bxe6
fxe6 15. Qe2 Rf7 16. b4 Bxe3 17. fxe3 Raf8 18. Rxf7 Rxf7 19. Rf1 Rxf1+ 20. Kxf1
a5 21. Qg4 Kf7 22. Qh5+ Kf8 23. Qf3+ Kg8 24. a3 c5 25. Qg4 Kf7 26. Qh5+ Kf8 27.
Qf3+ Kg8 28. Qh5 Kf8 29. Qg5 axb4 30. axb4 cxb4 31. cxb4 Qxb4 32. Qd8+ Kf7 33.
Qd7+ Kf6 34. Qd8+ Kg6 35. Qe7 Qb1+ 36. Kf2 Qc2+ 37. Kg3 Qxd3 38. Qxe6+ Kh5 39.
Qf5+ Kh6 40. Qh3+ Kg6 41. Qf5+ Kh6 42. Qh3+ Kg6 43. Qf5+ 1/2-1/2

[Event "Sherbrooke, Perpetuelles 11-15"]
[Site "Sherbrooke CAN"]
[Date "2003.08.22"]
[Round "1"]
[White "Lemelin, Marc"]
[Black "Grenier, Jean-Pierre"]
[Result "0-1"]
[WhiteElo "1650"]
[BlackElo "1583"]
[PlyCount "124"]
[EventDate "2003.08.22"]
[EventType "swiss"]
[EventRounds "5"]
[EventCountry "CAN"]

1. d4 Nf6 2. c4 e5 3. dxe5 Ng4 4. Bf4 Nc6 5. Nf3 Bb4+ 6. Nbd2 Qe7 7. a3 Ngxe5
8. Nxe5 Nxe5 9. e3 Bxd2+ 10. Qxd2 d6 11. Be2 O-O 12. O-O b6 13. Rac1 Bb7 14. b4
Rfd8 15. Qc3 a5 16. c5 axb4 17. axb4 bxc5 18. Bxe5 cxb4 19. Qxc7 Qxe5 20. Qxb7
Rab8 21. Qa7 Ra8 22. Qd4 b3 23. Rb1 Qxd4 24. exd4 Rdb8 25. Bc4 b2 26. Rfe1 Rb4
27. Bd5 Rab8 28. Red1 Rc8 29. Kf1 Kf8 30. Ke2 Rc2+ 31. Ke3 f5 32. Rd2 Rxd2 33.
Kxd2 Rxd4+ 34. Kc3 Rxd5 35. Rxb2 Kf7 36. f4 Kf6 37. Kc4 Rd1 38. Re2 h6 39. h4
Kg6 40. g3 Kh5 41. Re7 g6 42. Re3 Kg4 43. Re6 Kxg3 44. Rxg6+ Kxf4 45. Rxh6 Ke3
46. h5 d5+ 47. Kc3 d4+ 48. Kc2 Rd2+ 49. Kb3 Rd3+ 50. Kb4 f4 51. Rh8 f3 52. h6
f2 53. h7 f1=Q 54. Re8+ Kd2 55. h8=Q Qb1+ 56. Kc5 Rc3+ 57. Kd5 Qb7+ 58. Ke5
Re3+ 59. Kf4 Qf3+ 60. Kg5 Qg2+ 61. Kf6 Qf2+ 62. Kg7 Rg3+ 0-1

[Event "Sherbrooke, Perpetuelles 11-15"]
[Site "Sherbrooke CAN"]
[Date "2003.08.22"]
[Round "1"]
[White "Mercier, Mario"]
[Black "Letarte-Lavoie, Francis"]
[Result "0-1"]
[WhiteElo "1163"]
[BlackElo "1201"]
[PlyCount "72"]
[EventDate "2003.08.22"]
[EventType "swiss"]
[EventRounds "5"]
[EventCountry "CAN"]

1. d4 Nf6 2. c4 c5 3. Nf3 cxd4 4. Nxd4 g6 5. Nc3 d6 6. Bg5 Bg7 7. Qd2 Nc6 8.
Nxc6 bxc6 9. Bh6 Bxh6 10. Qxh6 Qb6 11. b3 Qxf2+ 12. Kxf2 Ng4+ 13. Kg3 Nxh6 14.
h3 O-O 15. e4 f5 16. Be2 fxe4 17. Nxe4 Nf5+ 18. Kh2 d5 19. Nc5 e5 20. Rhf1 Nd4
21. Rxf8+ Kxf8 22. Rf1+ Kg7 23. Bd1 Ne6 24. Nd3 e4 25. Ne5 Nd8 26. Bg4 Bxg4 27.
hxg4 Rc8 28. Rd1 Kf6 29. Nd7+ Ke7 30. Nc5 Ne6 31. b4 Nxc5 32. bxc5 Ke6 33. Kg3
Ke5 34. Rc1 d4 35. Rf1 Rc7 36. Rf6 Kxf6 0-1

[Event "Sherbrooke, Perpetuelles 11-15"]
[Site "Sherbrooke CAN"]
[Date "2003.08.22"]
[Round "1"]
[White "Ouellet-Lahaie, Didier"]
[Black "Viens, Nicolas"]
[Result "1-0"]
[WhiteElo "1443"]
[BlackElo "1239"]
[PlyCount "91"]
[EventDate "2003.08.22"]
[EventType "swiss"]
[EventRounds "5"]
[EventCountry "CAN"]

1. e4 c5 2. c3 d6 3. d4 cxd4 4. cxd4 e6 5. Nc3 Nc6 6. Nf3 Nf6 7. Bd3 Be7 8. O-O
O-O 9. a3 a6 10. Qc2 g6 11. Be3 Re8 12. Rad1 Qc7 13. d5 Ne5 14. Nxe5 dxe5 15.
f4 Ng4 16. Bc1 Qc5+ 17. Kh1 Ne3 18. Bxe3 Qxe3 19. fxe5 Bd7 20. d6 Bg5 21. Qf2
Qa7 22. Qxf7+ Kh8 23. Qxd7 Rad8 24. Qa4 Qc5 25. d7 Re7 26. Qb4 Qxb4 27. axb4
Rexd7 28. Bc2 Bd2 29. g3 Kg7 30. Rf2 h6 31. Kg2 h5 32. h4 b6 33. g4 hxg4 34.
Kg3 Rd4 35. Nd5 Be3 36. Nxe3 Rxd1 37. Nxd1 Rd4 38. Kxg4 Rxb4 39. Rf3 Rc4 40.
Rc3 Rb4 41. Kg5 Rb5 42. Rc7+ Kf8 43. Kf6 Ke8 44. Kxe6 Kd8 45. Rc6 a5 46. Rc4
1-0

[Event "Sherbrooke, Perpetuelles 11-15"]
[Site "Sherbrooke CAN"]
[Date "2003.08.22"]
[Round "1"]
[White "Pilotte, Benoit"]
[Black "Corriveau, Philippe"]
[Result "0-1"]
[WhiteElo "1689"]
[BlackElo "2097"]
[PlyCount "30"]
[EventDate "2003.08.22"]
[EventType "swiss"]
[EventRounds "5"]
[EventCountry "CAN"]

1. f4 Nf6 2. Nf3 e6 3. b3 b6 4. Bb2 Bb7 5. d3 d5 6. Nbd2 c5 7. e3 Bd6 8. Ne5
O-O 9. g4 d4 10. e4 Bxe5 11. fxe5 Nfd7 12. Nf3 Nc6 13. h4 Ncxe5 14. g5 f5 15.
gxf6 Qxf6 0-1

[Event "Sherbrooke, Perpetuelles 11-15"]
[Site "Sherbrooke CAN"]
[Date "2003.08.29"]
[Round "2"]
[White "Belanger, Jean Sebastien"]
[Black "Ouellet-Lahaie, Didier"]
[Result "0-1"]
[WhiteElo "1440"]
[BlackElo "1443"]
[PlyCount "94"]
[EventDate "2003.08.22"]
[EventType "swiss"]
[EventRounds "5"]
[EventCountry "CAN"]

1. e4 e5 2. Bc4 Nf6 3. d3 Bc5 4. Nf3 Nc6 5. Nc3 d6 6. Bg5 Na5 7. Bb3 Nxb3 8.
axb3 c6 9. Na4 Bb4+ 10. c3 Ba5 11. b4 Bc7 12. b3 O-O 13. c4 a5 14. bxa5 Bxa5+
15. Bd2 Bc7 16. h3 d5 17. exd5 cxd5 18. O-O e4 19. dxe4 dxe4 20. Nh2 Qd6 21. g3
Bxh3 22. Re1 Rad8 23. Bg5 Qc6 24. Qe2 Rfe8 25. Nc3 e3 26. fxe3 Bxg3 27. Red1
Rxd1+ 28. Rxd1 h6 29. Bxf6 Qxf6 30. Nd5 Qg6 31. Kh1 Qe4+ 32. Qf3 Qc2 33. Nf6+
Kh8 34. Nfg4 Bg2+ 35. Qxg2 Qxd1+ 36. Nf1 Qxg4 37. Nxg3 Rxe3 38. Nf1 Qh4+ 39.
Kg1 Rh3 40. Qxb7 Qd4+ 41. Kg2 Qg4+ 42. Kf2 Rc3 43. Qxf7 Rxb3 44. Qf8+ Kh7 45.
c5 Rb2+ 46. Ke3 Re2+ 47. Kd3 Qe4+ 0-1

[Event "Sherbrooke, Perpetuelles 11-15"]
[Site "Sherbrooke CAN"]
[Date "2003.08.29"]
[Round "2"]
[White "Courteau, Bernard"]
[Black "Pilotte, Benoit"]
[Result "1-0"]
[WhiteElo "1715"]
[BlackElo "1689"]
[PlyCount "55"]
[EventDate "2003.08.22"]
[EventType "swiss"]
[EventRounds "5"]
[EventCountry "CAN"]

1. e4 d6 2. d4 Nf6 3. Nc3 g6 4. f3 c6 5. Be3 b5 6. Qd2 Nbd7 7. O-O-O Nb6 8. g4
b4 9. Nb1 Be6 10. b3 h5 11. g5 Nfd7 12. Ne2 a5 13. Nf4 Bg7 14. h4 Qc7 15. Nxe6
fxe6 16. Bh3 e5 17. f4 exf4 18. Bxf4 c5 19. e5 dxe5 20. dxe5 Bxe5 21. Bxd7+
Nxd7 22. Bxe5 Nxe5 23. Rhe1 Nf3 24. Qd5 Qf4+ 25. Nd2 Rd8 26. Qxf3 Qxh4 27. Qc6+
Kf7 28. Qe6+ 1-0

[Event "Sherbrooke, Perpetuelles 11-15"]
[Site "Sherbrooke CAN"]
[Date "2003.08.29"]
[Round "2"]
[White "Duclos, Alain"]
[Black "Lewis, Claude"]
[Result "1/2-1/2"]
[WhiteElo "1646"]
[BlackElo "1458"]
[PlyCount "56"]
[EventDate "2003.08.22"]
[EventType "swiss"]
[EventRounds "5"]
[EventCountry "CAN"]

1. e4 d6 2. d4 Nf6 3. Nc3 g6 4. Be3 Bg7 5. Qd2 c6 6. Bh6 O-O 7. Bxg7 Kxg7 8.
Bd3 a6 9. Nge2 b5 10. O-O e5 11. dxe5 dxe5 12. a4 Bb7 13. h3 Nbd7 14. Rfe1 b4
15. Nd1 a5 16. Ng3 Nc5 17. Re3 Ba6 18. Qe2 Nxd3 19. cxd3 Qd7 20. b3 Rfd8 21.
Nb2 Qe6 22. Nc4 Bxc4 23. dxc4 Rd4 24. Rd3 Rad8 25. Rxd4 Rxd4 26. Rd1 c5 27. f3
Qd6 28. Rxd4 Qxd4+ 1/2-1/2

[Event "Sherbrooke, Perpetuelles 11-15"]
[Site "Sherbrooke CAN"]
[Date "2003.08.29"]
[Round "2"]
[White "Dumoulin, Sylvain"]
[Black "Lopez, Jose"]
[Result "1-0"]
[WhiteElo "1686"]
[BlackElo "1677"]
[PlyCount "61"]
[EventDate "2003.08.22"]
[EventType "swiss"]
[EventRounds "5"]
[EventCountry "CAN"]

1. Nc3 Nf6 2. e4 d6 3. g3 c5 4. Bg2 Nc6 5. d3 g6 6. h3 Bg7 7. Be3 Qb6 8. Rb1
Qa5 9. Nge2 Be6 10. O-O Rc8 11. Qd2 h5 12. f4 Nd4 13. Nxd4 cxd4 14. Bxd4 h4 15.
g4 Qb4 16. Bxf6 Bxf6 17. a3 Qc5+ 18. Kh1 b6 19. f5 gxf5 20. exf5 Bd7 21. Ne4
Qxc2 22. Nxf6+ exf6 23. Qe3+ Kd8 24. Rfc1 Qa4 25. Rxc8+ Bxc8 26. Rc1 Re8 27.
Qf2 Qb3 28. Qd4 Re2 29. Qxf6+ Kd7 30. Bc6+ Kc7 31. Ba4+ 1-0

[Event "Sherbrooke, Perpetuelles 11-15"]
[Site "Sherbrooke CAN"]
[Date "2003.08.29"]
[Round "2"]
[White "Morin, Louis2"]
[Black "Morin, Laurent"]
[Result "0-1"]
[WhiteElo "1915"]
[BlackElo "851"]
[PlyCount "93"]
[EventDate "2003.08.22"]
[EventType "swiss"]
[EventRounds "5"]
[EventCountry "CAN"]

1. e4 e5 2. Nf3 Nc6 3. Bc4 d6 4. d4 exd4 5. Nxd4 Bd7 6. Qf3 Qf6 7. Nf5 Ne5 8.
Qb3 Bc6 9. Nc3 g6 10. Nd5 Qd8 11. Bg5 f6 12. Nxf6+ Nxf6 13. Bf7+ Nxf7 14. Qe6+
Be7 15. Bxf6 gxf5 16. Bxh8 Nxh8 17. exf5 Qd7 18. Qg8+ Bf8 19. O-O-O Qg7 20.
Rhe1+ Kd8 21. Qe6 Bd7 22. Qe4 Qg5+ 23. f4 Qxf5 24. Qxb7 Qxf4+ 25. Kb1 Rc8 26.
Rf1 Qh6 27. Qe4 Ng6 28. Rf6 Qxh2 29. a4 Bg7 30. Rf7 Be5 31. Rd5 Bc6 32. Qf5
Qg1+ 33. Qf1 Qxf1+ 34. Rxf1 Bxd5 35. g4 Rb8 36. c3 Kd7 37. Rd1 Bb3 38. Rd3 Rf8
39. Kc1 Bf4+ 40. Kb1 Re8 41. Rd1 Bxd1 42. Ka2 Ne5 43. a5 Nxg4 44. Ka3 c5 45. b4
a6 46. b5 axb5 47. a6 0-1

[Event "Sherbrooke, Perpetuelles 11-15"]
[Site "Sherbrooke CAN"]
[Date "2003.08.29"]
[Round "2"]
[White "Viens, Nicolas"]
[Black "Jolin, Fernand"]
[Result "1-0"]
[WhiteElo "1239"]
[BlackElo "1380"]
[PlyCount "45"]
[EventDate "2003.08.22"]
[EventType "swiss"]
[EventRounds "5"]
[EventCountry "CAN"]

1. c4 Nf6 2. Nc3 g6 3. d4 Bg7 4. e3 O-O 5. Nf3 c6 6. Be2 d5 7. O-O dxc4 8. Bxc4
e6 9. e4 b5 10. Bb3 a5 11. Bg5 Qd7 12. e5 Nd5 13. Qd2 Ba6 14. Ne4 a4 15. Nf6+
Nxf6 16. exf6 axb3 17. fxg7 Re8 18. Bf6 Qd5 19. axb3 Nd7 20. Bh4 Kxg7 21. Qf4
Qxb3 22. Ne5 Nxe5 23. Bf6+ 1-0

[Event "Sherbrooke, Perpetuelles 11-15"]
[Site "Sherbrooke CAN"]
[Date "2003.09.05"]
[Round "3"]
[White "Dumoulin, Sylvain"]
[Black "Saziouk, Alexandre"]
[Result "1/2-1/2"]
[WhiteElo "1686"]
[BlackElo "1756"]
[PlyCount "60"]
[EventDate "2003.08.22"]
[EventType "swiss"]
[EventRounds "5"]
[EventCountry "CAN"]

1. Nc3 d5 2. e4 c6 3. Qf3 dxe4 4. Nxe4 e6 5. b3 Be7 6. Bb2 Nf6 7. Nxf6+ Bxf6 8.
Bxf6 Qxf6 9. Qxf6 gxf6 10. O-O-O e5 11. g3 Be6 12. d4 Nd7 13. Bh3 Ke7 14. dxe5
fxe5 15. Bxe6 Kxe6 16. Nh3 Rad8 17. f4 f6 18. Rhe1 Kf5 19. fxe5 Nxe5 20. Rf1+
Kg6 21. Nf4+ Kf7 22. Rxd8 Rxd8 23. Nh5 Rd6 24. h3 b5 25. g4 h6 26. Ng3 Kg6 27.
Ne4 Re6 28. Nc5 Rd6 29. Ne4 Re6 30. Nc5 Rd6 1/2-1/2

[Event "Sherbrooke, Perpetuelles 11-15"]
[Site "Sherbrooke CAN"]
[Date "2003.09.05"]
[Round "3"]
[White "Grenier, Jean-Pierre"]
[Black "Duclos, Alain"]
[Result "1-0"]
[WhiteElo "1583"]
[BlackElo "1646"]
[PlyCount "164"]
[EventDate "2003.08.22"]
[EventType "swiss"]
[EventRounds "5"]
[EventCountry "CAN"]

1. d4 Nf6 2. Nf3 g6 3. e3 Bg7 4. Bd3 O-O 5. O-O d6 6. Re1 Nbd7 7. b3 e5 8. Nbd2
Re8 9. dxe5 Ng4 10. Bb2 Ndxe5 11. Rb1 Nxd3 12. cxd3 Bxb2 13. Rxb2 f5 14. Qc1
Qf6 15. d4 c5 16. h3 Nh6 17. Rc2 b6 18. dxc5 dxc5 19. e4 Nf7 20. exf5 Bxf5 21.
Rxe8+ Rxe8 22. Rc3 Nd6 23. Nc4 Nxc4 24. Rxc4 Re2 25. Ra4 Qe7 26. Qc4+ Re6 27.
Qa6 Qd6 28. Qc8+ Kg7 29. Rxa7+ Re7 30. Rxe7+ Qxe7 31. Qa6 Qf6 32. Qe2 Qa1+ 33.
Kh2 Qf6 34. g4 Qd6+ 35. Qe5+ Qxe5+ 36. Nxe5 Bb1 37. a3 Ba2 38. Nd7 Bxb3 39.
Nxb6 c4 40. Nd5 Kf7 41. f4 Ke6 42. Nc3 Bc2 43. Kg2 Kd6 44. Kf2 Kc5 45. Ke2 Kd4
46. Kd2 Bd3 47. a4 Bf1 48. Ne2+ Kd5 49. h4 Kc5 50. f5 gxf5 51. gxf5 Kd6 52. a5
Ke5 53. Ng3 Bg2 54. Kc3 Bd5 55. Nf1 Bb7 56. Ne3 Ba6 57. h5 Bb5 58. Nxc4+ Kf6
59. Nd6 Be2 60. Kd4 Bxh5 61. a6 Bf3 62. Kc5 h5 63. Nb7 h4 64. Kb6 h3 65. a7 h2
66. a8=Q h1=Q 67. Qf8+ Kg5 68. Qg7+ Kf4 69. Nd6 Qb1+ 70. Kc7 Qc2+ 71. Kd8 Qc6
72. Qd4+ Kg3 73. Qe5+ Kg2 74. f6 Qb6+ 75. Ke7 Qc7+ 76. Kf8 Qd8+ 77. Kg7 Qd7+
78. Kg6 Qg4+ 79. Kf7 Qh5+ 80. Qxh5 Bxh5+ 81. Kg7 Kg3 82. Kh6 Kg4 1-0

[Event "Sherbrooke, Perpetuelles 11-15"]
[Site "Sherbrooke CAN"]
[Date "2003.09.05"]
[Round "3"]
[White "Jolin, Fernand"]
[Black "Boutin, Andre"]
[Result "1/2-1/2"]
[WhiteElo "1380"]
[BlackElo "1491"]
[PlyCount "107"]
[EventDate "2003.08.22"]
[EventType "swiss"]
[EventRounds "5"]
[EventCountry "CAN"]

1. Nf3 c5 2. g3 Nc6 3. Bg2 d5 4. O-O e6 5. d4 cxd4 6. Nxd4 Nxd4 7. Qxd4 Nf6 8.
Bg5 Be7 9. Nc3 O-O 10. Bxf6 Bxf6 11. Qd1 Qc7 12. Qd2 Bxc3 13. Qxc3 Qxc3 14.
bxc3 Rb8 15. e4 dxe4 16. Bxe4 Bd7 17. c4 b6 18. Rfd1 Ba4 19. Rd2 Rfd8 20. Rad1
Rxd2 21. Rxd2 Kf8 22. f4 Ke7 23. g4 Rd8 24. Rxd8 Kxd8 25. c3 Kd7 26. Bxh7 g6
27. h4 Bd1 28. h5 gxh5 29. gxh5 Bxh5 30. Kf2 Bg6 31. Bxg6 fxg6 32. Ke3 Kd6 33.
Ke4 e5 34. fxe5+ Ke6 35. a4 a5 36. Kd4 Kd7 37. Kd5 g5 38. c5 bxc5 39. Kxc5 Ke6
40. Kd4 g4 41. Ke4 g3 42. Kf3 Kxe5 43. Kxg3 Kd5 44. Kf3 Kc4 45. Ke3 Kb3 46. Kd3
Kxa4 47. Kc4 Ka3 48. Kb5 a4 49. c4 Kb3 50. c5 a3 51. c6 a2 52. c7 a1=Q 53. c8=Q
Qa4+ 54. Kb6 1/2-1/2

[Event "Sherbrooke, Perpetuelles 11-15"]
[Site "Sherbrooke CAN"]
[Date "2003.09.05"]
[Round "3"]
[White "Lopez, Jose"]
[Black "Courteau, Bernard"]
[Result "0-1"]
[WhiteElo "1677"]
[BlackElo "1715"]
[PlyCount "106"]
[EventDate "2003.08.22"]
[EventType "swiss"]
[EventRounds "5"]
[EventCountry "CAN"]

1. e4 c5 2. Nf3 Nc6 3. d4 cxd4 4. Nxd4 Nf6 5. Nc3 d6 6. Be3 g6 7. f3 Bg7 8. Qd2
O-O 9. Nxc6 bxc6 10. Bh6 Be6 11. h4 Qb6 12. Bxg7 Kxg7 13. h5 Rh8 14. O-O-O Qa5
15. Kb1 h6 16. hxg6 fxg6 17. b3 Raf8 18. Qe3 Qb6 19. Qc1 Qc5 20. Na4 Qe5 21.
Nb2 Nd7 22. Bc4 Nb6 23. f4 Qf6 24. e5 dxe5 25. fxe5 Qf5 26. Rdf1 Qg4 27. Rxf8
Kxf8 28. Rxh6 Rxh6 29. Qxh6+ Kg8 30. Bxe6+ Qxe6 31. Nd3 Nd5 32. Kb2 Qg4 33. Qd2
Qd4+ 34. c3 Qe4 35. g3 Kg7 36. c4 Qd4+ 37. Ka3 Nc3 38. Qc2 Ne4 39. g4 Nc5 40.
Nxc5 Qxc5+ 41. Kb2 Qxe5+ 42. Qc3 Kf6 43. Kc2 Qxc3+ 44. Kxc3 Ke5 45. Kd3 Kf4 46.
Kd4 Kxg4 47. b4 Kf4 48. Kc5 g5 49. Kxc6 g4 50. Kb7 g3 51. c5 g2 52. c6 g1=Q 53.
c7 Qb6+ 0-1

[Event "Sherbrooke, Perpetuelles 11-15"]
[Site "Sherbrooke CAN"]
[Date "2003.09.05"]
[Round "3"]
[White "Pilotte, Benoit"]
[Black "Alain, Christian"]
[Result "1/2-1/2"]
[WhiteElo "1689"]
[BlackElo "1659"]
[PlyCount "66"]
[EventDate "2003.08.22"]
[EventType "swiss"]
[EventRounds "5"]
[EventCountry "CAN"]

1. g3 d5 2. Bg2 Nf6 3. Nf3 c6 4. O-O Qc7 5. d4 Bf5 6. Bf4 Qb6 7. Qc1 e6 8. Nbd2
Nh5 9. Be3 Be7 10. c4 Nd7 11. Nh4 Bxh4 12. gxh4 Ndf6 13. f3 Qc7 14. Qe1 O-O 15.
Kh1 Rfe8 16. Bg1 e5 17. cxd5 cxd5 18. e4 exd4 19. Bxd4 dxe4 20. Rc1 Qd7 21. Qf2
exf3 22. Bxf3 Be4 23. Bc3 Bxf3+ 24. Qxf3 Qd5 25. Qxd5 Nxd5 26. Bd4 b6 27. Rf5
Nhf6 28. h5 Ne7 29. Rg5 h6 30. Rb5 Ned5 31. Rg1 Kh7 32. Rxd5 Nxd5 33. Rxg7+ Kh8
1/2-1/2

[Event "Sherbrooke, Perpetuelles 11-15"]
[Site "Sherbrooke CAN"]
[Date "2003.09.05"]
[Round "3"]
[White "Thomsen, Gunther"]
[Black "Belanger, Jean Sebastien"]
[Result "0-1"]
[WhiteElo "1176"]
[BlackElo "1440"]
[PlyCount "62"]
[EventDate "2003.08.22"]
[EventType "swiss"]
[EventRounds "5"]
[EventCountry "CAN"]

1. e4 b6 2. b3 Bb7 3. Nc3 e6 4. g3 Bb4 5. Bb2 Nf6 6. Bg2 O-O 7. Nge2 d5 8. exd5
exd5 9. O-O c6 10. Nf4 Nbd7 11. Nce2 Ne4 12. c3 Bc5 13. d4 Be7 14. c4 Ndf6 15.
f3 Ng5 16. Nd3 Re8 17. Bc1 Ne6 18. Be3 Bd6 19. a4 c5 20. dxc5 Nxc5 21. Bg5 dxc4
22. bxc4 h6 23. Bxf6 Qxf6 24. Nf2 Rad8 25. Ne4 Nxe4 26. fxe4 Bc5+ 27. Kh1 Rxd1
28. Raxd1 Qb2 29. Rd7 Bxe4 30. Bxe4 Rxe4 31. Rdxf7 Rxe2 0-1

[Event "Sherbrooke, Perpetuelles 11-15"]
[Site "Sherbrooke CAN"]
[Date "2003.09.12"]
[Round "4"]
[White "Belanger, Jean Sebastien"]
[Black "Jolin, Fernand"]
[Result "1-0"]
[WhiteElo "1440"]
[BlackElo "1380"]
[PlyCount "80"]
[EventDate "2003.08.22"]
[EventType "swiss"]
[EventRounds "5"]
[EventCountry "CAN"]

1. e4 e5 2. f4 exf4 3. Nf3 d6 4. d4 Ne7 5. Bxf4 Bg4 6. Be2 Ng6 7. Bg3 Be7 8.
O-O O-O 9. Nc3 c6 10. Qd3 Nd7 11. Nd1 c5 12. d5 Qb6 13. c4 Bxf3 14. Bxf3 Bf6
15. Rb1 Nde5 16. Qb3 Qxb3 17. axb3 Nxf3+ 18. gxf3 Bd4+ 19. Kg2 Rad8 20. Nc3
Bxc3 21. bxc3 f5 22. b4 f4 23. Bf2 b6 24. bxc5 dxc5 25. Ra1 Rd7 26. Rfe1 Ne5
27. Ra4 Nd3 28. Re2 Nxf2 29. Kxf2 a5 30. e5 Rf5 31. e6 Re7 32. d6 Re8 33. d7
Kf8 34. e7+ Kf7 35. d8=Q Rh5 36. Qxb6 Rxh2+ 37. Ke1 Rxe2+ 38. Kxe2 Rxe7+ 39.
Kf2 Re3 40. Rxa5 Re6 1-0

[Event "Sherbrooke, Perpetuelles 11-15"]
[Site "Sherbrooke CAN"]
[Date "2003.09.12"]
[Round "4"]
[White "Boutin, Andre"]
[Black "Viens, Nicolas"]
[Result "1-0"]
[WhiteElo "1491"]
[BlackElo "1239"]
[PlyCount "91"]
[EventDate "2003.08.22"]
[EventType "swiss"]
[EventRounds "5"]
[EventCountry "CAN"]

1. e4 e5 2. Nf3 d6 3. Nc3 Nf6 4. d3 Nc6 5. Be2 Be7 6. Nd5 O-O 7. Nxf6+ Bxf6 8.
O-O Be6 9. a3 Qd7 10. Bg5 Bxg5 11. Nxg5 h6 12. Nxe6 fxe6 13. Bh5 Rf6 14. Qd2
Raf8 15. c3 g6 16. Bd1 Qg7 17. Ba4 Nd8 18. d4 exd4 19. Qxd4 a6 20. c4 e5 21.
Qd5+ Kh7 22. c5 c6 23. Qc4 dxc5 24. Qxc5 Qf7 25. Rad1 Ne6 26. Qe3 Nd4 27. Rd3
c5 28. Bd1 c4 29. Rc3 b5 30. b3 cxb3 31. Bxb3 Qe7 32. f3 Kg7 33. Rfc1 Qxa3 34.
Bd5 Qb2 35. Rc7+ R8f7 36. Kf1 g5 37. Rxf7+ Rxf7 38. Bxf7 Kxf7 39. Rc7+ Ke8 40.
Rh7 Qa1+ 41. Qe1 Qb2 42. Rxh6 Nc2 43. Qd2 b4 44. Re6+ Kf7 45. Qd7+ Kf8 46. Re8#
1-0

[Event "Sherbrooke, Perpetuelles 11-15"]
[Site "Sherbrooke CAN"]
[Date "2003.09.12"]
[Round "4"]
[White "Courteau, Bernard"]
[Black "Duclos, Alain"]
[Result "1-0"]
[WhiteElo "1715"]
[BlackElo "1646"]
[PlyCount "81"]
[EventDate "2003.08.22"]
[EventType "swiss"]
[EventRounds "5"]
[EventCountry "CAN"]

1. e4 c5 2. Nf3 e6 3. c4 d6 4. Nc3 Nf6 5. d4 cxd4 6. Nxd4 Be7 7. Be2 O-O 8. O-O
Nc6 9. Be3 a6 10. Qd2 Bd7 11. Rac1 Rc8 12. f3 Nxd4 13. Bxd4 Bc6 14. Rfd1 Qa5
15. b3 Rfe8 16. Rc2 e5 17. Be3 h6 18. Bd3 Bf8 19. Qf2 Nd7 20. Nd5 Bxd5 21. exd5
Nc5 22. Bf5 Rc7 23. Bd2 Qa3 24. Bc1 Qa5 25. Re2 Rce7 26. Rde1 g6 27. Bb1 f5 28.
Qg3 Kh7 29. h4 Rf7 30. h5 gxh5 31. Qh3 Kg6 32. g4 hxg4 33. Qxg4+ Kh7 34. Bxf5+
Kh8 35. Qh5 Rg7+ 36. Kf1 Ree7 37. Bxh6 Kg8 38. Bxg7 Rxg7 39. Bg6 Qc3 40. Rh2
Be7 41. Qh8# 1-0